00790nam a22002057a 450000500170000001000150001702000260003203500130005803700130007108200140008410000240009824501010012226000430022327001020026630000240036870000200039294200280041299900170044095201270045720140314125139.0 aENG-109447 c525.00a9789350352090 aEN-92980 bDBAD/PUB a342.54062 aKashyap, Subhash C.00aIndian presidency :cby Subhash C. Kashyap [and] Abhaya Kashyapbconstitution law and practice / aDelhibUniversal Law Publishing c2012 aC-FF-1A, Dilkhus Industrial Estate, (Near Azadpur Metro Station) G.T. Karnal Road,bDelhie110033 axii,276p.c24cm(Hb) aKashyap, Abhaya 2ddccENmKASh342.54062 c82714d82714 001040718NFICaDBADbDBADd2014-02-25eDBAD/PUBg525.00l0o342.54062 KASpEN-92980r2014-02-25 00:00:00t1v525.00yEN